[Event "Aimchess US Rapid Prelims 2021"]
[Site "Chess24"]
[Date "2021.08.25"]
[Round "9.8"]
[White "Firouzja, Alireza"]
[Black "Naroditsky, Daniel"]
[Result "1/2-1/2"]
[WhiteElo "2759"]
[BlackElo "2623"]
[Annotator "TA"]
[PlyCount "85"]
[EventDate "2021.08.28"]
[EventType "tourn"]
[EventCountry "NET"]
[Tiebreak "Direct encounter+Number of wins+Koya"]
[SourceTitle "playchess.com"]
[Source "ChessBase"]
[SourceQuality "1"]

{[%evp 32,85,70,67,64,54,85,82,106,91,102,42,62,66,59,66,80,67,83,64,90,77,117,
140,130,127,132,116,111,39,84,85,83,83,95,68,91,100,80,77,67,13,24,0,0,0,0,0,0,
0,0,0,0,14,6,0]} 1. e4 e5 2. Nf3 Nc6 3. Bb5 a6 4. Ba4 Nf6 5. O-O Be7 6. Re1 b5
7. Bb3 d6 8. c3 O-O 9. h3 Be6 10. d4 Bxb3 11. axb3 exd4 12. cxd4 d5 13. e5 Ne4
14. Nc3 f5 15. exf6 Bxf6 16. Nxe4 dxe4 17. Rxe4 Qd5 {C92: Closed Ruy Lopez: 9..
.Be6, Karpov and Flohr-Zaitsev Variations.} 18. Rf4 {[#]} a5 $146 ({
Predecessor:} 18... Rfd8 19. Be3 Rd6 20. Qc2 Nb4 21. Qc3 a5 22. Ne5 Nc6 23.
Nxc6 Qxc6 24. Rxa5 Rxa5 25. Qxa5 Bxd4 26. Rxd4 Rxd4 27. Bxd4 {1-0 (57) Caruana,
F (2444)-Roktim,B (2365) Andorra 2006}) 19. Be3 Nb4 {White is better.} 20. Rc1
c6 21. Nh2 (21. Rg4 $16) 21... Be7 22. Rxf8+ Rxf8 23. Nf3 Bd6 24. Bd2 Re8 25.
Rc3 c5 26. Be3 Nc6 {[#]} 27. Rd3 $1 Nb4 28. Rd2 {Strongly threatening dxc5.} c4
29. bxc4 bxc4 30. Re2 ({White should try} 30. Ne5 $16) 30... Nd3 31. b3 Nb4 32.
bxc4 Qxc4 {[#]} 33. Qa4 $1 Rc8 {[#]} (33... Rb8 34. Rb2) 34. Qd7 $1 Rf8 35. Re1
Qd5 {...Bh2+! is the strong threat.} 36. Ne5 (36. Qa4 $14) 36... Nd3 $11 37.
Bh6 gxh6 {The position is equal.} 38. Qg4+ Kh8 39. Nxd3 Rg8 40. Qe4 Qxe4 41.
Rxe4 a4 42. Re6 Rd8 43. Ne5 {Weighted Error Value: White=0.13/Black=0.10} ({
Wrong is} 43. Rxh6 $2 a3 $19) 1/2-1/2

[Event "Aimchess US Rapid Prelims 2021"]
[Site "Chess24"]
[Date "2021.08.25"]
[Round "10.1"]
[White "Duda, Jan-Krzysztof"]
[Black "Naroditsky, Daniel"]
[Result "1-0"]
[WhiteElo "2738"]
[BlackElo "2623"]
[Annotator "TA"]
[PlyCount "135"]
[EventDate "2021.08.28"]
[EventType "tourn"]
[EventCountry "NET"]
[Tiebreak "Direct encounter+Number of wins+Koya"]
[SourceTitle "playchess.com"]
[Source "ChessBase"]
[SourceQuality "1"]

{[%evp 19,135,18,40,20,31,0,19,14,9,-21,28,9,12,18,31,0,0,0,21,0,0,0,0,0,0,0,0,
0,0,0,0,0,0,0,0,0,0,0,0,0,0,0,0,0,0,0,0,0,0,0,0,0,0,0,0,0,0,0,0,0,0,0,7,16,
1792,1056,2219,1944,2190,1322,12823,12825,12827,12827,12824,12820,12827,12829,
12833,12833,12834,12832,12832,12832,12833,12833,12836,12837,12837,12837,12838,
12838,12839,12839,12840,12840,12841,12841,12842,12840,12843,12843,12844,12844,
12845,12845,12847,12847,12848,12847,12848,12847,12847,12846,12847,12847,12847,
12847]} 1. d4 Nf6 2. c4 g6 3. Nc3 Bg7 4. e4 d6 5. f3 O-O 6. Be3 c5 7. d5 e6 8.
Qd2 exd5 9. cxd5 a6 10. a4 Re8 11. Be2 {A65: Modern Benoni: 6 e4.} h5 12. h4
Nh7 13. g3 {[#] The position is equal.} f5 $146 ({Predecessor:} 13... Nd7 14.
Nh3 Ne5 15. Nf2 Bd7 16. Bh6 Bh8 17. Ncd1 b5 18. Ne3 Qf6 19. f4 {0-1 (38) Aczel,
G (2549)-Mihok,O (2541) Budapest 2018}) 14. Nh3 fxe4 (14... Bxc3 $5 15. Qxc3
fxe4 $15) 15. Nxe4 Bf5 16. Nf4 Nf8 17. Ne6 Nxe6 18. dxe6 Bxe6 19. Nxd6 Re7 20.
Bxc5 Nc6 21. Kf2 Rd7 22. Rad1 Nd4 23. Nxb7 Rxb7 24. Bxd4 {Strongly threatening
Qe3.} Rd7 {[%cal Rd7d4]} 25. Qe3 {[%cal Re3e6]} Bxd4 26. Rxd4 Rxd4 27. Qxe6+ {
[%mdl 64] [#] Double Attack} Kg7 $1 28. Rc1 Qd6 29. Qxd6 Rxd6 $11 {[%mdl 4096]
Endgame KRR-KRB} 30. Rc7+ Kf6 31. Bc4 Rd2+ 32. Ke3 Rxb2 33. Rc6+ Kg7 34. Bd5 {
Rc7+ is the strong threat.} Rf8 35. Rxa6 Rb4 36. Kd3 Rb1 37. Be4 (37. Ra7+ {
is more complex.} Kf6 38. Be4 Rd8+ 39. Kc2 Rb6 40. Kc3) 37... Rf6 38. Rxf6 (38.
Ra7+ {is interesting.} Rf7 39. Ra5 Rd7+ 40. Ke3 Rbd1 41. Kf4) 38... Kxf6 {KR-KB
} 39. Kc4 Rc1+ 40. Kb4 Rg1 41. a5 {[%cal Ba4a5,Ba5a6][%mdl 32] Threatens to
win with a6.} Rg2 $2 {[%mdl 8192] This move loses the game for Black.} (41...
Ra1 $11) 42. a6 $18 {White is clearly winning.} Ra2 43. Kb5 Ke5 44. Bxg6 Kd6
45. Bxh5 Rb2+ 46. Kc4 Ra2 47. Kd4 Rxa6 48. Bg6 Ra4+ 49. Ke3 Ke5 50. f4+ Kf6 51.
Bd3 Ra1 52. g4 Rh1 53. h5 Rh3+ 54. Ke4 Rg3 {[#]} 55. Be2 $1 Rg1 56. Kf3 Rh1 57.
g5+ Ke6 58. Bc4+ Ke7 59. Kg4 Kf8 60. h6 Rc1 61. Be6 Re1 62. Kf5 Rh1 63. Kf6 Rh4
64. f5 Rh3 65. Kg6 Rh4 66. Kh7 Ke7 67. g6 Kf6 68. g7 {Weighted Error Value:
White=0.04/Black=0.06} 1-0

[Event "Aimchess US Rapid Prelims 2021"]
[Site "Chess24"]
[Date "2021.08.25"]
[Round "10.2"]
[White "Hansen, Eric"]
[Black "Firouzja, Alireza"]
[Result "0-1"]
[WhiteElo "2606"]
[BlackElo "2759"]
[Annotator "TA"]
[PlyCount "94"]
[EventDate "2021.08.28"]
[EventType "tourn"]
[EventCountry "NET"]
[Tiebreak "Direct encounter+Number of wins+Koya"]
[SourceTitle "playchess.com"]
[Source "ChessBase"]
[SourceQuality "1"]

{[%evp 11,94,12,16,21,16,27,39,29,32,7,7,0,3,0,0,0,-9,0,19,7,17,0,62,47,66,41,
50,31,41,0,1,0,0,0,0,0,0,-2,0,-29,-34,-31,-14,-30,-26,-26,-29,-78,-16,-135,-91,
-91,-91,-91,-91,-91,-91,-91,-91,-91,-83,-133,-145,-162,-162,-149,-21,-124,-106,
-162,-161,-159,-170,-223,-208,-246,-222,-342,-325,-658,-645,-655,-635,-649,
-631]} 1. e4 e5 2. Nf3 Nc6 3. Bc4 Nf6 4. d3 Bc5 5. c3 d6 6. h3 a6 7. a4 {
C54: Giuoco Piano: 4 c3 Nf6, main lines with 5 d4 and 5 d3.} Ba7 8. O-O Qe7 $5
{[%mdl 4] An interesting side line.} 9. b4 {White is slightly better.} h6 10.
Be3 (10. Re1 {is more complex.} O-O 11. Na3 Be6 12. Rb1 Rad8 13. Qc2) 10...
Bxe3 11. fxe3 Be6 12. Nbd2 O-O 13. Qb3 {[#]} Bxc4 $146 ({Predecessor:} 13...
Rad8 14. Bd5 Qd7 15. Kh2 Ne7 16. Bxe6 fxe6 17. d4 Ng6 18. b5 Kh7 19. bxa6 bxa6
{1/2-1/2 (54) Saravanabaavan,B (1611)-Laksiri,A (1331) Nugegoda 2021}) 14. Qxc4
g6 15. Rf2 Kg7 16. Raf1 Nh7 (16... Qe6 $11) 17. d4 $14 Rae8 18. b5 axb5 19.
axb5 Na5 20. Qb4 (20. Qa2 $5 {[%cal Ra2a5]} b6 21. Ne1 $14) 20... b6 21. c4 Ng5
22. Nxg5 hxg5 23. Qc3 f6 24. Ra1 Qe6 25. c5 dxc5 26. dxc5 Rd8 27. Raf1 Nb7 {
[%cal Ba5b7,Bb7d6,Bd6b5,Bb5c3][%mdl 32]} 28. cxb6 cxb6 29. Qc4 Qd7 (29... Qe7
$17) 30. Qb4 (30. Qc6 $11 {remains equal.}) 30... Nd6 31. Nc4 Qxb5 32. Qxb5
Nxb5 33. Rb2 Nc3 34. Rxb6 Nxe4 35. Rb7+ Kh6 36. Rb6 g4 37. hxg4 Kg5 38. Rb4 Nc5
(38... Ng3 $17 39. Ra1 e4) 39. Rb5 {[#]} (39. Rb6 $11) 39... Na4 $1 $17 40. Rc1
{[#]} (40. g3 $17) 40... Rd3 $1 $19 {And now ...Nc3 would win.} ({Don't blunder
} 40... Kxg4 $2 41. Rb4 $18) 41. Kf1 Rc8 {Strongly threatening ...Nc3.} ({
Reject} 41... Kxg4 $6 42. Rb4 $11) 42. Rb4 (42. Kf2 $142 Nc3 43. Rxc3 Rxc3 44.
Nd6) 42... Nc3 {White must now prevent ...Na2.} 43. Rc2 Nd5 44. Ra4 (44. Rb5
$142) 44... Rxe3 45. Rd2 $2 {[#]} (45. Rca2 Re4 46. Nd6 Rc1+ 47. Kf2 Rxg4 48.
Nf7+ Kh5 49. Rxg4 Kxg4 50. Rd2) 45... Re4 $1 {Black is clearly winning.} 46.
Rxd5 Rcxc4 47. Rxc4 Rxc4 {Weighted Error Value: White=0.32/Black=0.13} 0-1

[Event "Aimchess US Rapid Prelims 2021"]
[Site "Chess24"]
[Date "2021.08.25"]
[Round "10.3"]
[White "Vachier-Lagrave, Maxime"]
[Black "Le, Quang Liem"]
[Result "1-0"]
[WhiteElo "2751"]
[BlackElo "2709"]
[Annotator "TA"]
[PlyCount "119"]
[EventDate "2021.08.28"]
[EventType "tourn"]
[EventCountry "NET"]
[Tiebreak "Direct encounter+Number of wins+Koya"]
[SourceTitle "playchess.com"]
[Source "ChessBase"]
[SourceQuality "1"]

{[%evp 16,119,25,16,14,22,43,18,18,16,12,10,24,1,36,4,29,29,29,18,22,25,21,22,
22,19,33,31,16,24,34,17,19,0,0,0,0,0,0,-8,25,25,25,25,25,26,22,21,40,49,48,49,
52,47,60,60,66,60,60,60,60,60,60,60,60,60,60,60,87,75,75,75,94,87,93,54,154,
136,352,332,510,504,751,738,680,660,1082,1070,1003,993,1105,1014,1124,1129,
5114,1154,5431,4281,7670,6512,29982,29980,29977,29978,29993,29994]} 1. e4 e5 2.
Nf3 Nc6 3. Bc4 Nf6 4. d3 Bc5 5. c3 d6 6. O-O h6 7. Re1 O-O 8. Nbd2 Bb6 9. Bb3
$1 {[%mdl 4] is now more promising than 9.Nf1.} Ne7 {C54: Giuoco Piano: 4 c3
Nf6, main lines with 5 d4 and 5 d3.} 10. Nc4 c6 11. Nxb6 axb6 {The position is
equal.} 12. h3 Ng6 13. d4 {[#]} b5 $146 ({Predecessor:} 13... Qc7 14. Bc2 Be6
15. Be3 c5 16. a3 Rfc8 17. Qd2 Kh7 18. Rad1 Rd8 19. Kh2 Bc4 {1-0 (67) Sivokho,
S (2475)-Novikov,M (2370) St Petersburg 2005}) 14. a3 Re8 15. Bc2 Be6 16. Be3
Qe7 17. Qd2 Nh5 18. Kh2 Rad8 19. a4 bxa4 20. Rxa4 Ra8 21. Rea1 Rxa4 22. Rxa4
Nf6 23. Ra7 Bc8 24. dxe5 Nxe5 25. Nxe5 Qxe5+ 26. Bf4 Nxe4 27. Qe3 Qe6 28. f3 {
[%cal Re3e4]} g5 29. Bxe4 {And now Bxg5 would win.} gxf4 30. Qxf4 d5 31. Bb1 (
31. Bd3 {is more complex.} Kg7 32. Qg3+ Kh8 33. Ra8 Bd7 34. Ra4) 31... Qe5 32.
Qxe5 Rxe5 $14 {[%mdl 4096] Endgame KRB-KRB} 33. Ra8 Re8 34. Kg3 Kf8 35. Kf4 Ke7
36. Bf5 Bd7 37. Ra7 Rb8 38. g4 Be8 39. h4 f6 40. b4 Kd6 41. Ke3 c5 42. bxc5+
Kxc5 43. Ra5+ Kd6 44. Kd4 Bc6 45. Bg6 b5 (45... Rc8 $14) 46. Ra6 Rc8 $2 {
[#] This costs Black the game.} (46... b4 $16) 47. f4 Kc7 (47... Ra8 {was
necessary.} 48. Rxa8 Bxa8) 48. Bf5 $18 Rb8 49. Kc5 Be8 50. Rxf6 b4 51. cxb4
Rb5+ 52. Kd4 h5 53. g5 Rxb4+ 54. Ke5 Kd8 55. Rd6+ (55. g6 $142 Bxg6 56. Bxg6)
55... Ke7 56. Rxd5 Rb2 57. Rc5 Rh2 58. Rc7+ {White mates.} Kd8 59. Ra7 Rxh4 60.
Kd6 {[%cal Ra7a8] Weighted Error Value: White=0.06/Black=0.30} 1-0

[Event "Aimchess US Rapid Prelims 2021"]
[Site "Chess24"]
[Date "2021.08.25"]
[Round "10.4"]
[White "Dominguez Perez, Leinier"]
[Black "Vidit, Santosh Gujrathi"]
[Result "1-0"]
[WhiteElo "2758"]
[BlackElo "2726"]
[Annotator "TA"]
[PlyCount "77"]
[EventDate "2021.08.28"]
[EventType "tourn"]
[EventCountry "NET"]
[Tiebreak "Direct encounter+Number of wins+Koya"]
[SourceTitle "playchess.com"]
[Source "ChessBase"]
[SourceQuality "1"]

{[%evp 11,76,15,10,9,26,10,17,0,6,6,0,0,0,0,0,0,7,0,32,31,33,20,46,38,35,28,16,
20,16,29,41,31,40,-11,22,14,27,30,26,20,53,21,19,0,254,245,249,239,387,0,94,0,
485,465,1064,755,736,726,29994,29995,29995,29996,29996,29997,29998,29999,29999]
} 1. e4 e5 2. Nf3 Nc6 3. Bc4 Bc5 4. c3 Nf6 5. d3 d6 6. Nbd2 O-O 7. h3 {C54:
Giuoco Piano: 4 c3 Nf6, main lines with 5 d4 and 5 d3.} (7. O-O a5 8. h3 h6 9.
Re1 Be6 10. Bb5 Qb8 11. Nf1 Qa7 12. Qd2 a4 13. Ng3 Qa5 14. Bxc6 bxc6 15. Nh4
Kh7 16. Nhf5 {0-1 (44) Dominguez Perez,L (2750)-Vidit,S (2707) Hengshui 2019})
7... Bb6 8. Bb3 Ne7 9. Nc4 {The position is equal.} Be6 {[#]} (9... h6 {
keeps more tension.} 10. O-O Ng6 11. Re1 Be6 12. d4 c6) 10. Bc2 $146 ({
Predecessor:} 10. O-O Ng6 11. Re1 c6 12. Nxb6 Qxb6 13. Bc2 h6 14. d4 Rad8 15.
a4 a5 16. b4 axb4 17. cxb4 {1/2-1/2 (53) Kramnik,V (2490)-Krasenkow,M (2550)
Moscow 1991}) 10... Bxc4 11. dxc4 Ng6 12. g3 Re8 13. Nh2 Nf8 14. Ng4 Ne6 15.
Qf3 Nd7 16. h4 h5 17. Ne3 g6 18. Nd5 Bc5 19. b4 c6 20. bxc5 {Black must now
prevent Nb4.} cxd5 21. cxd5 Nexc5 22. g4 (22. Bg5 $14 Qa5 23. O-O) 22... hxg4 (
22... Qf6 $5 {[%cal Rf6f3]} 23. Qe2 hxg4 $11) 23. Qxg4 Nf6 24. Qf3 Nh5 $1 25.
Rg1 Nf4 (25... Qxh4 $2 26. Bg5 $18) 26. Bxf4 (26. h5 $5 Qf6 27. Qg4 $14) 26...
exf4 27. Qxf4 {Threatens to win with h5.} Qa5 $2 {[%mdl 8192]} (27... Re5 $11)
28. Kd2 $18 Rac8 {Strongly threatening ...Nxe4+!} 29. Rg3 $1 {And now h5 would
win.} Re5 (29... Qa3 {keeps fighting.} 30. Rag1 Kf8) 30. Rag1 $2 (30. h5 $1 $18
{[%cal Rh5g6]} Rxh5 31. Qg4 (31. Qxd6 Qb6 $16) 31... Nxe4+ 32. Bxe4) 30... Kg7
{[#]} (30... Qxa2 $2 31. Rxg6+ $1 {[%mdl 512]} Kf8 32. f3 $18) (30... Nxe4+ $1
$11 {keeps the balance.} 31. Bxe4 Qxa2+ 32. Kc1 Qa1+ 33. Kd2 Qb2+ 34. Kd1 Qb3+
35. Kd2 Qb2+ 36. Kd1 Qb3+ 37. Kd2 Qb2+) 31. h5 ({White should try} 31. a4 $1
$16 {Hoping for h5!} Qc7 32. Re1 (32. Rf3 Qe7 $11)) 31... Rxh5 $2 {[%mdl 8192]}
({Don't go for} 31... Qxa2 $2 {[#]} 32. Rxg6+ $1 {[%mdl 512]} Kf8 33. Rg8+ Ke7
34. Rxc8 $18) (31... Nxe4+ $1 $11 {and Black stays safe.} 32. Bxe4 Qxa2+ 33.
Kc1 Qa1+ 34. Kd2 Qa2+ 35. Kc1 Qa1+ 36. Kd2 Qa2+) 32. e5 {[%cal Rg3g6]
Threatening mate with Rxg6+!} Nd7 (32... Ne4+ $142 33. Qxe4 Kf8) 33. Bxg6 Qxd5+
34. Bd3+ Kh8 35. Qg4 {[%cal Rg4h5][%mdl 64] Double Attack. White mates.} Qxa2+
36. Bc2 {[%cal Rg4h5]} Qd5+ 37. Kc1 {[%cal Rg4h5]} Qxe5 {[#]} 38. Qg8+ $1 {
[%mdl 576] Back Rank} Rxg8 39. Rxg8# {Weighted Error Value: White=0.33/Black=0.
57} 1-0

[Event "Aimchess US Rapid Prelims 2021"]
[Site "Chess24"]
[Date "2021.08.25"]
[Round "10.5"]
[White "Mamedyarov, Shakhriyar"]
[Black "So, Wesley"]
[Result "1/2-1/2"]
[WhiteElo "2782"]
[BlackElo "2772"]
[Annotator "TA"]
[PlyCount "53"]
[EventDate "2021.08.28"]
[EventType "tourn"]
[EventCountry "NET"]
[Tiebreak "Direct encounter+Number of wins+Koya"]
[SourceTitle "playchess.com"]
[Source "ChessBase"]
[SourceQuality "1"]

{[%evp 27,28,0,0]} 1. e4 e5 2. Nf3 Nc6 3. Bb5 Nf6 4. O-O Nxe4 5. d4 Nd6 6. dxe5
Nxb5 7. a4 Nbd4 8. Nxd4 Nxd4 9. Qxd4 d5 10. exd6 Qxd6 11. Qe4+ Qe6 12. Qd4 Qd6
13. Qe4+ Qe6 14. Qd4 Qd6 {[#]} {Predecessor:} 15. Qe3+ $146 {C67: Ruy Lopez:
Berlin Defence: 4 0-0 Nxe4.} Be7 16. Nc3 c6 17. Ne4 Qg6 18. Nc5 Qd6 19. Re1 b6
20. Ne4 Qe5 21. a5 bxa5 22. Rxa5 Qc7 23. Rg5 Kf8 24. Rxg7 h6 25. Qd4 Be6 26.
Rg6 fxg6 27. Qxh8+ {1-0 (25) Abdusattorov,N (2627)-Nakamura,H (2736) Chess.com
INT 2021} 1/2-1/2

[Event "Aimchess US Rapid Prelims 2021"]
[Site "Chess24"]
[Date "2021.08.25"]
[Round "10.6"]
[White "Artemiev, Vladislav"]
[Black "Carlsen, Magnus"]
[Result "1/2-1/2"]
[WhiteElo "2704"]
[BlackElo "2847"]
[Annotator "TA"]
[PlyCount "77"]
[EventDate "2021.08.28"]
[EventType "tourn"]
[EventCountry "NET"]
[Tiebreak "Direct encounter+Number of wins+Koya"]
[SourceTitle "playchess.com"]
[Source "ChessBase"]
[SourceQuality "1"]

{[%evp 13,77,11,19,5,24,18,8,12,23,9,11,14,22,25,14,17,26,22,16,27,52,35,36,12,
74,12,30,10,11,10,10,0,0,0,0,0,0,0,72,72,72,72,72,72,72,72,72,72,72,72,72,72,
72,64,72,72,72,72,72,72,72,0,72,0,72,0]} 1. c4 g6 2. d4 Nf6 3. Nf3 Bg7 4. g3
O-O 5. Bg2 c5 6. Nc3 d5 7. dxc5 dxc4 {has lost popularity (7...Qa5).} 8. O-O {
D74: Fianchetto Grünfeld: Main Line (5 Nf3 0-0 6 cxd5 Nxd5 7 0-0).} Qa5 9. Qd4
Nc6 10. Qxc4 {The position is equal.} Be6 11. Qh4 Qxc5 12. Be3 Qb4 13. Qxb4
Nxb4 14. Bc5 {[#]} Nbd5 $146 ({Predecessor:} 14... Nc6 15. Ng5 Bd7 16. Rfd1
Rfd8 17. Rac1 h6 18. Nf3 Rac8 19. Ne1 Ng4 20. Nd5 e6 21. Ne3 Nxe3 22. Bxe3 Nd4
23. Rxc8 Bxc8 24. Rd2 e5 25. b3 Rd7 {1/2-1/2 (25) Gierth,K (2280)-Lisetskaya,L
(2170) ICCF email 2013}) 15. Nd4 Nxc3 16. bxc3 Nd5 17. Nxe6 fxe6 18. Rad1 Rac8
(18... Bxc3 $11 19. Rd3 (19. Bxd5 exd5 20. Rxd5 Bf6 $11) 19... Bg7) 19. Bxa7 (
19. Bxd5 $16 exd5 20. Rxd5) 19... Rxc3 20. Bxd5 exd5 21. Rxd5 Ra8 22. Be3 Rxa2
23. Rb1 Rxe2 24. Rxb7 Bf6 25. Kf1 Rexe3 (25... Rcc2 $11 {remains equal.}) 26.
fxe3 $16 Rxe3 $11 {[%mdl 4096] Endgame KRR-KRB} 27. Kf2 Ra3 28. Rbd7 h5 29. Rd3
Ra2+ 30. Rd2 Ra3 31. R7d3 Ra1 32. Rd1 Ra4 33. Re1 Bd4+ 34. Kf3 Bf6 35. Re4 Ra2
36. Re2 Ra4 37. Re4 Ra2 38. Re2 Ra4 39. Re4 {Weighted Error Value: White=0.12/
Black=0.11} (39. h3 $16) 1/2-1/2

[Event "Aimchess US Rapid Prelims 2021"]
[Site "Chess24"]
[Date "2021.08.25"]
[Round "10.7"]
[White "Giri, Anish"]
[Black "Van Foreest, Jorden"]
[Result "1-0"]
[WhiteElo "2776"]
[BlackElo "2698"]
[Annotator "TA"]
[PlyCount "83"]
[EventDate "2021.08.28"]
[EventType "tourn"]
[EventCountry "NET"]
[Tiebreak "Direct encounter+Number of wins+Koya"]
[SourceTitle "playchess.com"]
[Source "ChessBase"]
[SourceQuality "1"]

{[%evp 12,83,0,0,1,-2,17,24,15,14,16,0,24,18,45,57,73,77,92,75,103,50,67,54,56,
38,37,55,35,58,102,88,108,111,131,117,133,132,136,101,154,147,245,245,243,246,
242,231,234,238,241,186,196,199,339,300,399,226,389,389,389,381,381,381,627,
627,625,612,570,556,500,475,29994,29995]} 1. d4 Nf6 2. c4 e6 3. Nf3 d5 4. Nc3
Bb4 5. Qa4+ Nc6 6. a3 Bxc3+ 7. bxc3 Ne4 {D38: Queen's Gambit Declined: Ragozin
Defence (4 Nf3 Bb4).} 8. e3 $5 {[%mdl 4] 8.Bf4 is setting a new trend. A
promising side line.} O-O 9. Bd3 Nxc3 {White has an edge.} 10. Qc2 Ne4 {[#]}
11. O-O $5 $146 {[%mdl 8] An interesting novelty.} ({Predecessor:} 11. Bxe4
dxe4 12. Qxe4 Na5 13. Qc2 c5 14. dxc5 Qe7 15. Bd2 Nc6 16. O-O Qxc5 17. Rfb1 {
1/2-1/2 (47) Mamedyarov,S (2747)-Fressinet,L (2700) Huaian 2016}) 11... Na5 12.
Ne5 Nf6 13. cxd5 exd5 14. Bd2 c6 15. Rab1 Be6 16. a4 ({White should play} 16.
Bxa5 $16 Qxa5 17. Rxb7) 16... Rb8 17. Rb2 Nc4 18. Nxc4 dxc4 19. Bxc4 Bxc4 20.
Qxc4 Qd5 21. Rc1 Qf5 22. f3 Rfd8 23. a5 h6 24. e4 Qd7 25. Bf4 Rbc8 ({Better is
} 25... b5 26. axb6 (26. Qxc6 Qxd4+ {[%mdl 64] Double Attack} 27. Rf2 Rdc8 $11)
26... Rxb6) 26. Be5 Ne8 {[#]} (26... Nh7 $16 27. Rcb1 b5 28. axb6 axb6) 27.
Rcb1 $1 $18 b5 28. axb6 axb6 29. Rxb6 Nd6 30. Qc5 Qe6 31. Bxd6 ({Don't do} 31.
Rxc6 $6 Nxe4 32. Rxc8 (32. Rxe6 Nxc5 33. Rd6 Na4 $16) 32... Rxc8 $16) 31...
Rxd6 32. d5 $1 {[%cal Rd5e6]} Qd7 (32... Qe7 {keeps fighting.} 33. Rf1 (33.
Rxc6 $2 Rcxc6 34. dxc6 Rd1+ {[%mdl 64] Discovered Attack} 35. Rxd1 Qxc5+ 36.
Kf1 f5 $19) 33... Qf8) 33. Rc1 f5 34. Rb7 Qxb7 $2 {[#]} (34... Qd8 35. Qc3 Qf8)
35. Qxd6 fxe4 {[%mdl 4096] Endgame KQR-KQR} 36. Qe6+ Kh8 37. dxc6 Qb6+ (37...
e3 38. Qxe3 (38. cxb7 $2 {leads to mate.} Rxc1#) 38... Qc7) 38. Kh1 Rd8 39.
Qxe4 Qc7 40. f4 Ra8 41. Qe5 Qxc6 (41... Rc8 $18 42. Qe6 Qd8) 42. Rxc6 {
Weighted Error Value: White=0.14/Black=0.58} 1-0

[Event "Aimchess US Rapid Prelims 2021"]
[Site "Chess24"]
[Date "2021.08.25"]
[Round "10.8"]
[White "Liang, Awonder"]
[Black "Aronian, Levon"]
[Result "0-1"]
[WhiteElo "2587"]
[BlackElo "2782"]
[Annotator "TA"]
[PlyCount "96"]
[EventDate "2021.08.28"]
[EventType "tourn"]
[EventCountry "NET"]
[Tiebreak "Direct encounter+Number of wins+Koya"]
[SourceTitle "playchess.com"]
[Source "ChessBase"]
[SourceQuality "1"]

{[%evp 19,96,37,31,12,12,0,26,-24,13,23,20,3,25,-55,7,0,0,0,-12,-38,-27,-43,
-30,-64,-47,-25,-49,-70,-45,-53,-45,-46,-45,-43,-43,-75,-53,-56,-56,-139,-91,
-93,-89,-114,-75,-61,-37,-100,-52,-60,-54,-61,-45,-63,0,0,0,-162,-166,-124,
-100,-80,-52,-52,-52,-52,-67,-74,-5,-284,-270,-477,-345,-5631,-5535,-1568,-821,
-5122,-2730]} 1. e4 e5 2. Nf3 Nc6 3. Bb5 a6 4. Ba4 Nf6 5. O-O b5 6. Bb3 Bc5 7.
c3 d6 8. d4 Bb6 9. a4 Rb8 10. axb5 {10.a5 deserves study.} axb5 11. Qd3 {
C78: Ruy Lopez: Archangelsk and Möller Defences.} O-O {11...Bd7 is not played
anymore.} 12. Bg5 h6 13. Bh4 {White has an edge.} (13. Qxb5 hxg5 14. Qxc6 exd4
$15) (13. Bxf6 $5 Qxf6 14. Qxb5 $14) 13... exd4 $5 {[%mdl 4] Exploring less
charted territory.} 14. cxd4 g5 15. Bg3 {[#] Threatens to win with e5.} Nh5 $1
{[#]} 16. Kh1 $146 ({Much worse is} 16. Qxb5 Bd7 $17) (16. Rc1 $11 Bb7 17. Nc3)
({Predecessor:} 16. Rc1 Ne7 17. Nc3 Kg7 18. Nxb5 Ng6 19. Nc3 Nhf4 20. Qd2 f5
21. Bc2 fxe4 22. Bxe4 {1/2-1/2 (40) Svidler,P (2723)-Dubov,D (2702) Moscow 2020
}) 16... Kg7 (16... g4 $1 $15 17. Qxb5 Nxg3+ 18. fxg3 gxf3 19. Qxc6 fxg2+ 20.
Kxg2 Bxd4) 17. Nc3 f5 18. exf5 ({Much weaker is} 18. Nxb5 f4 $17) 18... Bxf5
19. Qxb5 Nxd4 20. Nxd4 Bxd4 21. Qc4 c5 22. Nb5 Nxg3+ 23. fxg3 Be5 24. Qe2 Bg6
25. Bc4 Rxf1+ 26. Rxf1 Qd7 27. Nc3 Rf8 28. Rxf8 Kxf8 29. Bd3 (29. Qf3+ $15 Kg7
30. g4) 29... Bxd3 30. Qxd3 Qf7 31. h3 Qf2 32. Kh2 c4 33. Ne4 Qf7 34. Qa3 Qd5
35. Qf3+ Ke7 $1 36. Qf5 Kd8 (36... Qe6 $15 37. Qf2 {[#]} Bxb2 $1 38. Nxd6 Kxd6
39. Qxb2 Kc6) 37. Qf8+ $11 Kc7 38. Nf6 (38. Nc3 $11 {and White is okay.} Qe6
39. Qa8) 38... Qe6 $19 39. Ng4 Bxb2 40. Qf2 Be5 41. Qa7+ Kd8 42. Qb6+ Ke7 {
And now ...c3 would win.} 43. Qc7+ Kf8 {White must now prevent ...c3.} 44. Qd8+
$2 {[%mdl 8192] White does not recover from this.} (44. Nxe5 $11 {and White
stays safe.} dxe5 45. Kg1) 44... Kg7 45. Qc7+ $2 (45. Nxe5 dxe5 46. g4) 45...
Kg6 46. Qc6 $2 (46. Qb7 c3 47. Qe4+ Kg7 48. Nxe5 Qxe5 49. Qb7+ Kg6 50. Qc8)
46... Bd4 {Black is clearly winning.} 47. Qf3 h5 {( -> ...Qe1)} 48. Nf2 Qf5 {
Weighted Error Value: White=0.76/Black=0.31} 0-1